Statistics for 15 Largest Cities in Bulgaria🇧🇬

Click here to take the quiz!

General Stats

  • This quiz has been taken 50 times
  • The average score is 9 of 15

Answer Stats

PopulationCity% Correct
1.2 millionSofia
100%
200kBurgas
84%
338kPlovdiv
82%
334kVarna
77%
138kStara Zagora
68%
149kRuse
66%
91kDobrich
55%
91kSliven
52%
106kPleven
50%
76kHaskovo
41%
72kVeliko Tarnovo
41%
74kYambol
36%
80kPernik
34%
80kShumen
34%
71kPazardzhik
30%

Score Distribution

Percentile by Number Answered

Percent of People with Each Score

Your Score History

You have not taken this quiz